LEADER 01250nam a2200289 a 4500 001 000000154495 003 CaOOAMICUS 005 20160930125229.0 008 160930n1955 gw u000 u ger r 032 $aLibriCat 040 $aPUL$bita 100 1 $aSpiecker, Rochus.$0(OLS)http://pul/name/98348 245 10$aChristusförmigkeit und christgestalten des Sakrament /$cRochus Spiecker . 260 $aKöln :$b[s.n.],$c1955. 300 $a88 p. ; $c23 cm. 502 $aPars dissertationis ad lauream in facultate S. Theologiae apud Pontificium Institutum Angelicum de Urbe. 1955. 504 $aBibliografia in nota a piè pagina. 650 04$aCristologia.$0(OLS)http://pul/subject/1402 710 2 $aPontificio Ateneo Angelicum.$bFacoltà di Teologia.$kTesi.$0(OLS)http://pul/name/97565 850 $aPUL 852 $aPUL$W1$xDP1 Tesi Pon. Univ. S. Tommaso$y44$mTH S.THOM TH129$j177566$qTesi$B180538$CPULBib$Z2$F180538 $H18334 $81 941 1 $a16 960 $aIesus Christus$91402 960 $aIesus Christus$91402 996 $6245$aChristusförmigkeit und christgestalten des Sakrament$9(OLS)http://pul/title/194104 996 $6260$aKöln :$b[s.n.]$9(OLS)http://pul/publisher/49475